| 000 | 00463nam a2200133Ia 4500 | ||
|---|---|---|---|
| 008 | 250506s9999 xx 000 0 und d | ||
| 024 | _a07B-128-EE, 07B-120-EE, 07B-106-EE & 07B-136-EE | ||
| 082 | _a621.815072 SAL | ||
| 100 | _aSalman Iqbal Shamsi, Ali Ahmed Sheikh, Waqas Iqbal & Syed Muzammil Ali | ||
| 245 | 0 | _aWire Twister and Winder Machine | |
| 260 |
_aKarachi: _bUIT, _c2007 |
||
| 600 | _aElectronic Engineering | ||
| 650 | _aBachelor of Engineering (BE) | ||
| 999 |
_c27938 _d27938 |
||